000 00584nam a2200241 a 4500
001 nice12345678
003 IN_TiNIC
005 20260116011408.0
008 050524s1964 dela grp 000 0 urd
020 _a
_c7
082 0 0 _a297.1226
_bVAL
100 _aValiuddin, Mir
245 _aQuran Awr Tameer-I-Seerat
260 _aDelhi
_bNadwatul Musannifeen
_c1964
300 _a350p
500 _aincludes index and biblioraphy
505 2 _aIndex, Bibliography
650 _aQuran-Theology
700 1 _aValiuddin, Mir
902 _bSRS
942 _cBK
999 _c1138
_d1138